<?xml version="1.0" encoding="UTF-8"?>
<record
    xmlns:xsi="http://www.w3.org/2001/XMLSchema-instance"
    xsi:schemaLocation="http://www.loc.gov/MARC21/slim http://www.loc.gov/standards/marcxml/schema/MARC21slim.xsd"
    xmlns="http://www.loc.gov/MARC21/slim">

  <leader>01739nam a22001577a 4500</leader>
  <datafield tag="999" ind1=" " ind2=" ">
    <subfield code="c">524874</subfield>
    <subfield code="d">524874</subfield>
  </datafield>
  <controlfield tag="008">240124b           ||||| |||| 00| 0 eng d</controlfield>
  <datafield tag="100" ind1=" " ind2=" ">
    <subfield code="a">Nayak, Ramesh Chandra</subfield>
    <subfield code="9">48256</subfield>
  </datafield>
  <datafield tag="245" ind1=" " ind2=" ">
    <subfield code="a">Coherent elemental etiology of domestic violence in India from gender perspective </subfield>
  </datafield>
  <datafield tag="260" ind1=" " ind2=" ">
    <subfield code="a">The Indian Police Journal  </subfield>
  </datafield>
  <datafield tag="300" ind1=" " ind2=" ">
    <subfield code="a">69(2), Apr-Jun, 2022: p.65-80</subfield>
  </datafield>
  <datafield tag="520" ind1=" " ind2=" ">
    <subfield code="a">Domestic Violence, being a cataclysmic socio-psychological menace jeopardizes the victims&#x2019; wellbeing in India. Researchers claim its coherent seedbeds being masculinity, patriarchy, role segregation, economic inequality and subordination. The gender schema perspective confides these factors to the masculine socialisation in a patriarchal soapbox. Strain and feminist perspectives and family violence approach view its amplification and reproduction rooted in the malfunction of social structure, unequal power relations, gender subordination and family disorganization respectively. Thereupon, in spite of decreeing brassbound and germane legislations, its occurrence seems multiplying with anticlockwise reporting trend. Thus, there may be some bottlenecks in the execution strategies due to inadequate facts about its elemental factors available to the executers. Thus, the need of the hour is to reach at the root of the problem through candid and sensible researches on Domestic Violence and enforce sensitised and integrated participation of the concerned stakeholders in the execution of the laws and awareness creation processes.- Reproduced 

https://bprd.nic.in/WriteReadData/userfiles/file/202309260501129197672April-June,2022(F).pdf
</subfield>
  </datafield>
  <datafield tag="650" ind1=" " ind2=" ">
    <subfield code="a">Domestic violence</subfield>
    <subfield code="9">48257</subfield>
  </datafield>
  <datafield tag="773" ind1=" " ind2=" ">
    <subfield code="a">The Indian Police Journal  </subfield>
  </datafield>
  <datafield tag="906" ind1=" " ind2=" ">
    <subfield code="a">CRIMES</subfield>
  </datafield>
  <datafield tag="942" ind1=" " ind2=" ">
    <subfield code="c">AR</subfield>
  </datafield>
  <datafield tag="952" ind1=" " ind2=" ">
    <subfield code="0">0</subfield>
    <subfield code="1">0</subfield>
    <subfield code="2">ddc</subfield>
    <subfield code="4">0</subfield>
    <subfield code="7">0</subfield>
    <subfield code="9">399920</subfield>
    <subfield code="a">IIPA</subfield>
    <subfield code="b">IIPA</subfield>
    <subfield code="d">2024-01-24</subfield>
    <subfield code="h">69(2), Apr-Jun, 2022: p.65-80</subfield>
    <subfield code="p">AR130680</subfield>
    <subfield code="r">2024-01-24</subfield>
    <subfield code="y">AR</subfield>
  </datafield>
</record>
